000 00459pab a2200169 454500
008 180718b2009 xxu||||| |||| 00| 0 eng d
100 _aJones, Derek C.
245 _aTust, inequality and the size of the co-operative sector: cross-country evidence
260 _c2009
300 _ap.165-95.
362 _aJun
650 _aCooperatives
700 _aKalmi, Panu
773 _aAnnals of Public and Cooperative Economics
908 _aN
909 _a82887
999 _c82887
_d82887